000 01189nam a2200301 a 4500
999 _c347380
_d347380
003 BLK
005 20240626123019.0
008 191217b bu ||||| |||| 00| 0 bu d
020 _a9789546607058
040 _aBLK
041 _aBUL
_cBUL
080 _aТехника. Технически науки
_b62
_z62
100 _aКостадинов, Костадин Василев
_eпърви автор
_91299
139 _aКостадинов, Костадин Василев
_bК 86
245 _aКое как се прави
_bПриродните богатства
_cКостадин Костадинов ; ил. Кирил Танев.
260 _9209558
_aСофия
_bПАН
_c2016
_fЦиан
300 _a16 с.
_bс цв. ил.
_c28 см
380 _aDN
653 7 _9198273
_aтехника
653 7 _9194725
_aпромишленост
653 7 _9194559
_aприродни богатства
653 7 _9186800
_aзанаяти
653 0 _9471119
_aдетски книги
700 _9378444
_aТанев, Кирил Танев
_eил.
852 _bД
_c62/К 86 К
942 _cKNG
_n0
_s1
_09
944 _aCR
_c2022-10-07
_k30537
_lГрета Цуфелде